Pikmin: Mandiblard Family Members - Statistics

General Stats
  • This quiz has been taken 10 times
  • The average score is 18 of 20
Answer Stats
Answer % Correct
Female Sheargrub
100%
Female Sheargrub
100%
Female Sheargrub
100%
Female Sheargrub
100%
Male Sheargrub
100%
Male Sheargrub
100%
Male Sheargrub
100%
Male Sheargrub
100%
Male Sheargrub
100%
Mama Sheargrub
100%
Shearwig
100%
Shearwig
100%
Shearwig
100%
Shearwig
100%
Shearwig
100%
Swarming Sheargrub
83%
Queen Shearwig
67%
Shearblug
50%
Speargrub
50%
Sporegrub
50%
No matching quizzes found
Score Distribution
Percent of People with Each Score
Percentile by Number Answered
Your Score History
You have not taken this quiz